00629nam a2200205Ia 450000500170000000800410001704000190005804100120007708200150008910000180010424500470012226000390016930000200020850400500022865000120027885000100029094200070030099900170030795200990032420231012093544.0131103s9999 xx 000 0 und d aLoreto College aEnglish a738.3bSAV aSavage,George aPotteryb through the ages cGeorge Savage aHarmondsworthbPenguin Booksc1959 a247 p.b illus. aIncludes bibliographical references and index aPottery aLCLIB cBK c17377d67856 00102ddc4070aMAINbMAINd2013-11-04l0o738.3 SAV pB17760r2013-11-04w2013-11-04yBKf